Rudolf Koch. 1922-1984

Bibliographic Details
Main Author: Vydrová, Hana (Author)
Format: Article
Language:Slovak
Subjects:

MARC

LEADER 00000nab a2200000 a 4500
001 vtls000291792
003 SK-MaSNL
005 20260304051029.0
008 250422c1987 xo 0 slo
015 |a SNBRB19rr/mm-uuuuu 
035 |a CL0301911 
035 |a urn:nbn:sk:snk-abbhda 
035 |a (urnnbn)urn:nbn:sk:snk:ar-000lpk 
035 |a (uuid)c7f6177c-3b7e-4847-9a42-702ae36b2ff4 
040 |a SNKBUCL  |b slo  |c SNKBUCL  |e AACR2 
041 0 |a slo 
044 |a xo  |c SK 
080 |a 02-051(437.6)  |2 1981 
080 |a 929 Koch, Rudolf  |2 1981 
100 1 |a Vydrová, Hana  |4 aut  |9 387909 
245 1 0 |a Rudolf Koch. 1922-1984  |c Hana Vydrová 
650 0 7 |a Koch, Rudolf  |2 snkbucl  |9 1332692 
655 7 |a články z novín a časopisov  |2 snkbucl  |9 267496 
773 0 |t Čitateľ  |g Roč. 36, č. 10 (1987), s. 374-375 
850 |a Slovenská národná knižnica 
852 |a Slovenská národná knižnica 
954 |a odborná, vedecká literatúra pôvodná (slovenská)  |2 lita 
958 |a article15 
958 |a OND 
958 |a BX 
958 |a RK 
958 |a KL 
958 |a EUIPO 
992 |a RBX 
999 |c 2701521  |d 2703451